000 00300nam a22001337a 4500
008 171102b xxu||||| |||| 00| 0 eng d
020 _a9780132020015
041 _aeng
080 _27TH
_a339.138
100 _a60
101 _aMAR
245 _aPRINCIPLES OF MARKETING
_cKOTLER.P
942 _2udc
_cBK
999 _c37412
_d37412